[Event "Reykjavik Open 2008"]
[Site "Reykjavik"]
[Date "2008.03.03"]
[Round "1.2"]
[White "Wang, Hao"]
[Black "Arngrimsson, Dagur"]
[Result "1-0"]
[WhiteElo "2665"]
[BlackElo "2359"]
[PlyCount "61"]
[EventDate "2008.03.03"]
[TimeControl "5400"]

1. e4 e5 2. Nf3 Nc6 3. Bb5 a6 4. Ba4 Nf6 5. O-O Be7 6. Re1 b5 7. Bb3 d6 8. c3
O-O 9. h3 Na5 10. Bc2 c5 11. d4 Qc7 12. d5 Bd7 13. Nbd2 c4 14. Nf1 Nb7 15. g4
Nc5 16. Ng3 g6 17. Nh2 Ne8 18. Kg2 Ng7 19. f4 f6 20. Nf3 a5 21. f5 b4 22. h4
gxf5 23. gxf5 Kh8 24. h5 b3 25. axb3 cxb3 26. Bb1 Bb5 27. Nh4 Bd8 28. Ng6+ hxg6
29. hxg6 Ra7 30. Rh1+ Kg8 31. Rh7 1-0

[Event "Reykjavik Open 2008"]
[Site "Reykjavik"]
[Date "2008.03.03"]
[Round "1.3"]
[White "Lagerman, Robert"]
[Black "Mikhalevski, Victor"]
[Result "0-1"]
[WhiteElo "2348"]
[BlackElo "2632"]
[PlyCount "132"]
[EventDate "2008.03.03"]
[TimeControl "5400"]

1. e4 e5 2. Nf3 Nc6 3. d4 exd4 4. Nxd4 Nf6 5. Nc3 Bb4 6. Nxc6 bxc6 7. Bd3 O-O
8. O-O d5 9. exd5 cxd5 10. Bg5 c6 11. Qf3 Bd6 12. Rae1 Rb8 13. Ne2 Rxb2 14. Nd4
Rb6 15. Nf5 c5 16. Qh3 Bxf5 17. Qxf5 Qd7 18. Bxf6 Qxf5 19. Bxf5 gxf6 20. Rd1
Rd8 21. f4 d4 22. Rd3 c4 23. Rg3+ Kh8 24. Rh3 Bc5 25. Kh1 Rdb8 26. Rxh7+ Kg8
27. Rh3 Rb1 28. Rhf3 R8b2 29. h4 d3 30. cxd3 c3 31. d4 Rxf1+ 32. Rxf1 Bxd4 33.
Rd1 Be3 34. Rd8+ Kg7 35. Rc8 Bd2 36. g4 Rxa2 37. Rc7 Bxf4 38. Rxc3 Rh2+ 39. Kg1
Rxh4 40. Rc4 Be5 41. Kg2 Rh2+ 42. Kf3 Rb2 43. Ra4 Rb7 44. Ke4 Rc7 45. Ra3 Bc3
46. Ra6 Be1 47. Kd5 Bf2 48. Kd6 Rc5 49. Ra2 Be3 50. Ra3 Re5 51. Ra4 Kh6 52. Re4
Kg5 53. Rxe5 Bf4 54. Ke7 fxe5 55. Kxf7 a5 56. Ke6 a4 57. Kd5 a3 58. Bb1 Kxg4
59. Ke4 Kg3 60. Ba2 Kf2 61. Kd3 Bg5 62. Ke4 Bf6 63. Kd3 Kf3 64. Bd5+ Kf4 65.
Ke2 e4 66. Ba2 Ke5 0-1

[Event "Reykjavik Open 2008"]
[Site "Reykjavik"]
[Date "2008.03.03"]
[Round "1.4"]
[White "Malakhatko, Vadim"]
[Black "Nemcova, Katerina"]
[Result "1-0"]
[WhiteElo "2600"]
[BlackElo "2342"]
[PlyCount "83"]
[EventDate "2008.03.03"]
[TimeControl "5400"]

1. d4 d5 2. c4 c6 3. Nc3 Nf6 4. e3 e6 5. Nf3 Nbd7 6. Bd3 dxc4 7. Bxc4 b5 8. Bd3
b4 9. Ne4 Nxe4 10. Bxe4 Bb7 11. O-O Bd6 12. a3 bxa3 13. b4 Nf6 14. Bd3 Nd5 15.
Bxa3 Nxb4 16. Bxb4 Bxb4 17. Ne5 a5 18. Qh5 Qf6 19. Be4 g6 20. Qh6 Bf8 21. Qh3
Bb4 22. Rfc1 Rc8 23. Nc4 O-O 24. Nxa5 Bxa5 25. Rxa5 Ra8 26. Rac5 Rfc8 27. Qg3
Kg7 28. h4 Ra6 29. Rb1 Qe7 30. h5 Rca8 31. Qf4 f6 32. Qg3 f5 33. Bf3 Ra1 34.
Rcc1 Rxb1 35. Rxb1 g5 36. Qe5+ Kf7 37. h6 Kg8 38. d5 cxd5 39. Rxb7 Qxb7 40.
Qxe6+ Kf8 41. Qf6+ Ke8 42. Qh8+ 1-0

[Event "Reykjavik Open 2008"]
[Site "Reykjavik"]
[Date "2008.03.03"]
[Round "2.1"]
[White "Stefanova, Antoaneta"]
[Black "Wang, Hao"]
[Result "1/2-1/2"]
[WhiteElo "2464"]
[BlackElo "2665"]
[PlyCount "100"]
[EventDate "2008.03.03"]
[TimeControl "5400"]

1. d4 e6 2. c4 Nf6 3. g3 d5 4. Bg2 dxc4 5. Nf3 a6 6. O-O b5 7. Ne5 Nd5 8. a4
Bb7 9. e4 Nf6 10. axb5 axb5 11. Rxa8 Bxa8 12. Nc3 c6 13. d5 Be7 14. dxe6 fxe6
15. Bh3 Qxd1 16. Rxd1 Nbd7 17. Nxd7 Nxd7 18. Be3 Bb7 19. Bxe6 Nc5 20. Bxc5 Bxc5
21. Kf1 Ke7 22. Rd7+ Kxe6 23. Rxb7 Bd4 24. f4 Ra8 25. Ke2 Ra7 26. Rb8 g6 27. e5
Ra1 28. Rd8 Bxc3 29. bxc3 Kf5 30. Rc8 Ke4 31. e6 Ra2+ 32. Kd1 Ra7 33. Rd8 Re7
34. Rd6 c5 35. Kd2 h5 36. Rb6 Kd5 37. Rxb5 Rxe6 38. Rb8 Ra6 39. Rd8+ Ke4 40.
Re8+ Kf3 41. Re3+ Kg2 42. Re2+ Kh3 43. Ke3 Rd6 44. Rc2 Re6+ 45. Kf3 Re1 46. Kf2
Rd1 47. Kf3 Rh1 48. Ke3 Rxh2 49. Rxh2+ Kxh2 50. Kf2 Kh3 1/2-1/2

[Event "Reykjavik Open 2008"]
[Site "Reykjavik"]
[Date "2008.03.03"]
[Round "2.2"]
[White "Mikhalevski, Victor"]
[Black "Vavrak, Peter"]
[Result "1/2-1/2"]
[WhiteElo "2632"]
[BlackElo "2472"]
[PlyCount "110"]
[EventDate "2008.03.03"]

1. d4 Nf6 2. c4 e6 3. g3 d5 4. Bg2 Bb4+ 5. Bd2 Be7 6. Nf3 c6 7. O-O O-O 8. Bf4
b6 9. Qc2 Ba6 10. b3 Nbd7 11. Rd1 Rc8 12. Nc3 h6 13. h3 Nh5 14. Bc1 Nhf6 15. e4
dxc4 16. Be3 b5 17. bxc4 bxc4 18. Na4 Qa5 19. Nd2 c5 20. d5 exd5 21. exd5 Ne5
22. Nb2 c3 23. Nb3 Qa3 24. Qxc3 Nfd7 25. f4 c4 26. fxe5 cxb3 27. Qxb3 Nxe5 28.
Bd4 Qd6 29. Rac1 Be2 30. Re1 Rxc1 31. Rxc1 Bg5 32. Bc5 Nf3+ 33. Qxf3 Qxc5+ 34.
Rxc5 Bxf3 35. Nc4 Be2 36. Kh2 Bxc4 37. Rxc4 Rd8 38. h4 Be3 39. h5 Kf8 40. Rc7
Bb6 41. Rc6 Ke7 42. Bf3 Rd6 43. Rc4 g6 44. g4 Kf6 45. a4 Kg5 46. Kg3 f5 47.
gxf5 gxf5 48. Rc8 Rd8 49. Rc6 Rd6 50. Rc4 Rd7 51. Rc6 Rd6 52. Rc2 Rd7 53. Re2
Be3 54. Rc2 Rc7 55. Rc6 Rxc6 1/2-1/2

[Event "Reykjavik Open 2008"]
[Site "Reykjavik"]
[Date "2008.03.03"]
[Round "2.3"]
[White "Simutowe, Amon"]
[Black "Malakhatko, Vadim"]
[Result "1/2-1/2"]
[WhiteElo "2457"]
[BlackElo "2600"]
[PlyCount "26"]
[EventDate "2008.03.03"]

1. e4 e6 2. d4 d5 3. Nc3 Nf6 4. Bg5 dxe4 5. Nxe4 Be7 6. Nxf6+ Bxf6 7. Bxf6 Qxf6
8. c3 O-O 9. Nf3 b6 10. g3 Bb7 11. Bg2 Nd7 12. O-O Rad8 13. Qe2 c5 1/2-1/2

[Event "Reykjavik Open 2008"]
[Site "Reykjavik"]
[Date "2008.03.03"]
[Round "2.5"]
[White "Perunovic, Miodrag"]
[Black "Halkias, Stelios"]
[Result "0-1"]
[WhiteElo "2440"]
[BlackElo "2580"]
[PlyCount "90"]
[EventDate "2008.03.03"]
[TimeControl "5400"]

1. d4 Nf6 2. Nf3 d5 3. c4 e6 4. Nc3 Bb4 5. cxd5 exd5 6. Bg5 Nbd7 7. Qb3 c5 8.
a3 Ba5 9. e3 Qb6 10. Qxb6 axb6 11. Nd2 Bxc3 12. bxc3 c4 13. e4 b5 14. e5 Ng8
15. g3 Nb6 16. Bg2 h6 17. Be3 Ne7 18. O-O Bf5 19. h3 h5 20. f3 Ra6 21. g4 Bd3
22. Rfc1 Kd7 23. f4 Rha8 24. f5 Rxa3 25. Rxa3 Rxa3 26. Nf3 hxg4 27. hxg4 f6 28.
e6+ Kc6 29. Ne1 Nec8 30. Kf2 Nd6 31. Nxd3 cxd3 32. Bf4 Nbc4 33. Bf3 Ra2+ 34.
Kg3 d2 35. Rd1 Rc2 36. Kf2 b4 37. cxb4 Nb5 38. e7 Kd7 39. Bxd5 Nc3 40. Bf3
Nxd1+ 41. Bxd1 Rc1 42. Ba4+ Kxe7 43. Ke2 Re1+ 44. Kd3 d1=Q+ 45. Bxd1 Nb2+ 0-1

[Event "Reykjavik Open 2008"]
[Site "Reykjavik"]
[Date "2008.03.03"]
[Round "2.6"]
[White "Lie, Espen"]
[Black "Al-Modiahki, Mohamad"]
[Result "1-0"]
[WhiteElo "2428"]
[BlackElo "2569"]
[PlyCount "85"]
[EventDate "2008.03.03"]
[TimeControl "5400"]

1. e4 c5 2. Nf3 d6 3. d4 cxd4 4. Nxd4 Nf6 5. Nc3 a6 6. Be2 e5 7. Nb3 Be7 8. Bg5
Be6 9. Bxf6 Bxf6 10. Qd3 Nc6 11. O-O-O Nd4 12. Nxd4 exd4 13. Nd5 Bxd5 14. exd5
O-O 15. Kb1 Re8 16. h4 h6 17. g3 Qb6 18. g4 g6 19. g5 hxg5 20. h5 Rxe2 21. Qxe2
Qxb2+ 22. Kxb2 d3+ 23. Kc1 dxe2 24. Rde1 gxh5 25. Rxh5 Re8 26. Kd2 Re5 27. Rh3
Rxd5+ 28. Rd3 Rc5 29. Rxe2 Be5 30. Re4 b5 31. a4 bxa4 32. Rxa4 a5 33. c4 Bf4+
34. Ke2 Be5 35. Rd5 Rxd5 36. cxd5 Bc3 37. Rg4 f6 38. Kd3 Be1 39. f4 Bh4 40. Ke4
Kf7 41. Kf5 Ke7 42. Kg6 Bf2 43. f5 1-0

[Event "Reykjavik Open 2008"]
[Site "Reykjavik"]
[Date "2008.03.03"]
[Round "2.8"]
[White "Lie, Kjetil A"]
[Black "Gunnarsson, Jon Viktor"]
[Result "1-0"]
[WhiteElo "2556"]
[BlackElo "2429"]
[PlyCount "103"]
[EventDate "2008.03.03"]

1. d4 Nf6 2. Nf3 g6 3. Bg5 Bg7 4. Nbd2 d6 5. e4 O-O 6. c3 Bg4 7. Qc2 Nbd7 8.
Bc4 e5 9. dxe5 dxe5 10. h3 Bxf3 11. Nxf3 Qe7 12. O-O Nc5 13. Rfe1 a5 14. a4 c6
15. b3 Rfd8 16. Bc1 h6 17. b4 axb4 18. cxb4 Ne6 19. Bb2 Nd7 20. Qb3 Nd4 21.
Nxd4 exd4 22. f4 g5 23. e5 Nb6 24. fxg5 hxg5 25. Bd3 Nd5 26. Qd1 Ne3 27. Qh5
Qxe5 28. Re2 Rd6 29. Rf1 Rf6 30. Rxf6 Bxf6 31. Rf2 Kf8 32. a5 Ke7 33. Ba3 b5
34. Qf3 Rc8 35. Bb2 Qf4 36. Qe2 Qd6 37. Qf3 Qf4 38. Qxf4 gxf4 39. Rxf4 Nd5 40.
Re4+ Kd6 41. Bxd4 Nxb4 42. Bxf6 Nxd3 43. h4 c5 44. h5 c4 45. h6 c3 46. Re3 c2
47. Rxd3+ Ke6 48. Bb2 c1=Q+ 49. Bxc1 Rxc1+ 50. Kh2 Kf6 51. Rh3 Rc8 52. a6 1-0

[Event "Reykjavik Open 2008"]
[Site "Reykjavik"]
[Date "2008.03.03"]
[Round "2.10"]
[White "Nataf, Igor-Alexandre"]
[Black "Gaponenko, Inna"]
[Result "0-1"]
[WhiteElo "2552"]
[BlackElo "2422"]
[PlyCount "27"]
[EventDate "2008.03.03"]

1. e4 c5 2. Nf3 d6 3. d4 cxd4 4. Nxd4 Nc6 5. Bb5 Bd7 6. Bxc6 Bxc6 7. c4 Nf6 8.
Nc3 e6 9. O-O Be7 10. b3 O-O 11. Bb2 Qa5 12. Re1 Rfd8 13. Qd3 Qh5 14. Qe3 0-1

[Event "Reykjavik Open 2008"]
[Site "Reykjavik"]
[Date "2008.03.03"]
[Round "2.12"]
[White "Jankovic, Alojzije"]
[Black "Tania, Sachdev"]
[Result "0-1"]
[WhiteElo "2541"]
[BlackElo "2417"]
[PlyCount "126"]
[EventDate "2008.03.03"]

1. d4 Nf6 2. c4 e6 3. Nf3 b6 4. Nc3 Bb7 5. a3 d5 6. cxd5 Nxd5 7. Qc2 Be7 8. e4
Nxc3 9. bxc3 c5 10. Bb5+ Bc6 11. Bd3 O-O 12. O-O Bb7 13. Bf4 Qc8 14. Qe2 Ba6
15. Rfd1 Bxd3 16. Rxd3 Nd7 17. h4 Re8 18. h5 Qa6 19. h6 g6 20. e5 cxd4 21. cxd4
Rac8 22. Qe3 b5 23. Bg5 Bf8 24. d5 exd5 25. Rxd5 Nb6 26. Rdd1 Qb7 27. Rd3 Rc4
28. Rad1 Re4 29. Qc1 Rg4 30. Bf6 Nd7 31. Kf1 Nxf6 32. exf6 Qb6 33. Qb2 Rf4 34.
Rb3 a6 35. g3 Rxf6 36. Nh2 Qc6 37. Kg1 Rfe6 38. Qd2 Re2 39. Qd5 Qxd5 40. Rxd5
Bxh6 41. a4 bxa4 42. Ra3 R8e4 43. Ra5 Bf8 44. R3xa4 Rxa4 45. Rxa4 Bc5 46. Ng4
Re6 47. Rc4 Bb6 48. Kf1 h5 49. Nh2 Rf6 50. f4 g5 51. Kg2 g4 52. Nf1 Re6 53. Rc2
Kg7 54. Rb2 a5 55. Nd2 Re2+ 56. Kf1 Rf2+ 57. Ke1 Be3 58. Rb3 Rxd2 59. Rxe3 Rd6
60. Ra3 Ra6 61. Ra4 Kg6 62. Ke2 h4 63. gxh4 Kh5 0-1

[Event "Reykjavik Open 2008"]
[Site "Reykjavik"]
[Date "2008.03.03"]
[Round "2.14"]
[White "Kveinys, Aloyzas"]
[Black "Popovic, Milos T"]
[Result "1-0"]
[WhiteElo "2521"]
[BlackElo "2405"]
[PlyCount "69"]
[EventDate "2008.03.03"]

1. d4 Nf6 2. c4 e6 3. Nc3 Bb4 4. Qc2 c5 5. dxc5 Bxc5 6. Nf3 Qb6 7. e3 Qc7 8. a3
b6 9. Bd3 Bb7 10. b4 Be7 11. Bb2 a6 12. Rc1 d6 13. O-O Nbd7 14. Rfd1 O-O 15.
Ne4 h6 16. Nxf6+ Nxf6 17. Qe2 Rad8 18. Nd4 Qb8 19. e4 Qa8 20. Re1 Rfe8 21. f4
e5 22. Nf5 Bf8 23. c5 dxc5 24. fxe5 Nd7 25. Nxh6+ gxh6 26. Qg4+ Kh7 27. Qf5+
Kg8 28. Bc4 Re7 29. e6 Bg7 30. exf7+ Kh8 31. Bxg7+ Kxg7 32. Rc3 Rxe4 33. Rg3+
Kh8 34. Rxe4 Bxe4 35. Qg4 1-0

[Event "Reykjavik Open 2008"]
[Site "Reykjavik"]
[Date "2008.03.03"]
[Round "2.15"]
[White "Moradiabadi, Elshan"]
[Black "Thorfinnsson, Bjorn"]
[Result "1/2-1/2"]
[WhiteElo "2506"]
[BlackElo "2364"]
[PlyCount "57"]
[EventDate "2008.03.03"]

1. c4 Nf6 2. Nf3 e6 3. d4 c5 4. d5 exd5 5. cxd5 d6 6. Nc3 g6 7. g3 Bg7 8. Bg2
O-O 9. O-O a6 10. a4 Nbd7 11. Bf4 Qe7 12. e4 Ne8 13. Re1 Rb8 14. Qe2 h6 15. h4
Kh7 16. Qd3 Ne5 17. Nxe5 Bxe5 18. Bxe5 dxe5 19. a5 Bd7 20. d6 Qe6 21. Red1 Rd8
22. Qd5 Bc6 23. Qxc5 Nxd6 24. b4 Kg7 25. Rac1 Nb5 26. Nxb5 Bxb5 27. Qc7 Rxd1+
28. Rxd1 Re8 29. Qxb7 1/2-1/2

[Event "Reykjavik Open 2008"]
[Site "Reykjavik"]
[Date "2008.03.03"]
[Round "2.16"]
[White "Westerinen, Heikki M J"]
[Black "Danielsen, Henrik"]
[Result "1/2-1/2"]
[WhiteElo "2362"]
[BlackElo "2506"]
[PlyCount "46"]
[EventDate "2008.03.03"]

1. e4 c6 2. d4 d5 3. Nc3 dxe4 4. Nxe4 Bf5 5. Ng3 Bg6 6. h4 h6 7. Nf3 Nd7 8. h5
Bh7 9. Bd3 Bxd3 10. Qxd3 e6 11. Bd2 Ngf6 12. O-O-O Qc7 13. Ne4 O-O-O 14. g3
Nxe4 15. Qxe4 Be7 16. Kb1 Rhe8 17. Qe2 Kb8 18. Bf4 Bd6 19. Bxd6 Qxd6 20. Ne5
Nxe5 21. dxe5 Qc7 22. f4 Rxd1+ 23. Rxd1 Rd8 1/2-1/2

[Event "Reykjavik Open 2008"]
[Site "Reykjavik"]
[Date "2008.03.03"]
[Round "2.17"]
[White "Brynjarsson, Helgi"]
[Black "Kristjansson, Stefan"]
[Result "0-1"]
[WhiteElo "1914"]
[BlackElo "2476"]
[PlyCount "54"]
[EventDate "2008.03.03"]

1. e4 c5 2. Nc3 Nc6 3. f4 g6 4. Nf3 Bg7 5. d3 e6 6. Ne2 Nge7 7. c3 O-O 8. Be3
b6 9. Qc2 Ba6 10. g4 d5 11. Ng3 f5 12. exf5 exf5 13. gxf5 Nxf5 14. Nxf5 Rxf5
15. O-O-O d4 16. Bh3 Rf8 17. cxd4 Qd5 18. Ng5 Rae8 19. Bg2 Qxa2 20. Bxc6 Rxe3
21. dxc5 Rc8 22. Rhe1 Bd4 23. Kd2 Qa5+ 24. Kc1 Rxe1 25. Qb3+ Kh8 26. Nf7+ Kg7
27. Ng5 Qa1+ 0-1

[Event "Reykjavik Open 2008"]
[Site "Reykjavik"]
[Date "2008.03.03"]
[Round "2.18"]
[White "Hermansson, Emil"]
[Black "Fridgeirsson, Dagur Andri"]
[Result "1-0"]
[WhiteElo "2472"]
[BlackElo "1798"]
[PlyCount "95"]
[EventDate "2008.03.03"]

1. e4 c5 2. Nf3 Nc6 3. d4 cxd4 4. Nxd4 Qb6 5. Nb3 Nf6 6. Nc3 e6 7. Qe2 Bb4 8.
Bd2 a6 9. O-O-O O-O 10. g4 d5 11. exd5 exd5 12. g5 Bxc3 13. Bxc3 Ne4 14. Be1
Be6 15. f3 Nd6 16. Qf2 Qxf2 17. Bxf2 Rfe8 18. Bg2 Rac8 19. a3 Re7 20. Rhe1 b5
21. Nc5 a5 22. f4 d4 23. Nxe6 fxe6 24. Bxd4 Nxd4 25. Rxd4 Rec7 26. c3 Nf5 27.
Rde4 Rc4 28. Bf1 Rxe4 29. Rxe4 Kf7 30. Bxb5 Nd6 31. Re5 Nxb5 32. Rxb5 Kg6 33.
Re5 Rc6 34. Kc2 Kh5 35. Rxa5 Rc4 36. f5 Kxg5 37. fxe6+ Kf6 38. Rh5 h6 39. b4
Kxe6 40. a4 Kd7 41. a5 Rc6 42. b5 Rf6 43. Kb3 g5 44. c4 g4 45. a6 Kc7 46. Kb4
Kb6 47. Re5 Kc7 48. Re7+ 1-0

[Event "Reykjavik Open 2008"]
[Site "Reykjavik"]
[Date "2008.03.03"]
[Round "2.19"]
[White "Kristinsson, Bjarni Jens"]
[Black "Stefansson, Hannes"]
[Result "0-1"]
[WhiteElo "1822"]
[BlackElo "2564"]
[PlyCount "68"]
[EventDate "2008.03.03"]

1. e4 c5 2. Nf3 e6 3. d4 cxd4 4. Nxd4 a6 5. Bd3 Bc5 6. Nb3 Be7 7. Bf4 d6 8. Nc3
Nc6 9. Qd2 Nf6 10. f3 b5 11. O-O-O b4 12. Na4 O-O 13. Bc4 e5 14. Be3 Rb8 15.
Qf2 Be6 16. Nb6 Qc7 17. Bd5 a5 18. g4 a4 19. Nd2 Nd4 20. Bxd4 exd4 21. Nbc4
Nxd5 22. exd5 Bxd5 23. Qxd4 Be6 24. g5 d5 25. Ne3 Rfc8 26. Rde1 g6 27. h4 Bc5
28. Qd3 Bxe3 29. Rxe3 Bf5 30. Ne4 dxe4 31. fxe4 Be6 32. h5 b3 33. axb3 axb3 34.
c3 Ra8 0-1

[Event "Reykjavik Open 2008"]
[Site "Reykjavik"]
[Date "2008.03.03"]
[Round "2.20"]
[White "Meier, Georg"]
[Black "Thorsteinsson, Arnar"]
[Result "1-0"]
[WhiteElo "2570"]
[BlackElo "2255"]
[PlyCount "77"]
[EventDate "2008.03.03"]

1. d4 d5 2. c4 e6 3. Nc3 c6 4. e4 dxe4 5. Nxe4 Bb4+ 6. Bd2 Qxd4 7. Bxb4 Qxe4+
8. Be2 c5 9. Bxc5 Qxg2 10. Qd6 Nd7 11. Bf3 Qg5 12. Ba3 Qe5+ 13. Ne2 Qxd6 14.
Bxd6 f6 15. Nd4 Kf7 16. O-O-O Nb6 17. b3 Ne7 18. a4 a6 19. a5 Nd7 20. Rhe1 Nf8
21. Bxe7 Kxe7 22. Nf5+ Kf7 23. Nd6+ Ke7 24. Nxc8+ Rxc8 25. Bxb7 Rc5 26. Rd5 Nd7
27. Bxa6 Rb8 28. Kb2 Rxd5 29. cxd5 e5 30. Bc4 Kd6 31. Ra1 f5 32. a6 Kc5 33. a7
Ra8 34. Ra6 Nb6 35. d6 Nxc4+ 36. bxc4 Kxc4 37. d7 Kd5 38. Kc2 Ke4 39. Rc6 1-0

[Event "Reykjavik Open 2008"]
[Site "Reykjavik"]
[Date "2008.03.03"]
[Round "2.21"]
[White "Kjartansson, Gudmundur"]
[Black "Hillarp Persson, Tiger"]
[Result "0-1"]
[WhiteElo "2307"]
[BlackElo "2535"]
[PlyCount "104"]
[EventDate "2008.03.03"]

1. d4 f5 2. c4 Nf6 3. Nc3 e6 4. Bf4 Bb4 5. e3 Bxc3+ 6. bxc3 O-O 7. Bd3 d6 8. h3
Qe7 9. Nf3 Nc6 10. Bh2 e5 11. dxe5 dxe5 12. Be2 Kh8 13. O-O Ne4 14. Qc2 b6 15.
Rab1 Nc5 16. Rfd1 f4 17. e4 g5 18. Nd2 Rg8 19. f3 h5 20. Kf1 Be6 21. Bg1 Nd7
22. Nb3 g4 23. hxg4 hxg4 24. Nd4 exd4 25. cxd4 gxf3 26. Bxf3 Bg4 27. Rb3 Na5
28. Bxg4 Rxg4 29. Rh3+ Kg8 30. e5 Rf8 31. e6 Nf6 32. d5 c5 33. Qe2 Nb7 34. Bf2
Nd6 35. Bh4 Rg7 36. Kg1 Qe8 37. Qe5 Nxc4 38. Qxf4 Qh5 39. Bxf6 Qxd1+ 40. Kh2
Rxf6 41. Qb8+ Rf8 42. Rh8+ Kxh8 43. Qxf8+ Kh7 44. Qf5+ Kg8 45. e7 Rh7+ 46.
Qxh7+ Kxh7 47. e8=Q Qxd5 48. Qe7+ Kg6 49. Qe8+ Kg5 50. Qe7+ Kf5 51. Qh7+ Kf4
52. Qh4+ Ke3 0-1

[Event "Reykjavik Open 2008"]
[Site "Reykjavik"]
[Date "2008.03.03"]
[Round "2.23"]
[White "Edvardsson, Kristjan"]
[Black "Carlsson, Pontus"]
[Result "0-1"]
[WhiteElo "2261"]
[BlackElo "2501"]
[PlyCount "94"]
[EventDate "2008.03.03"]

1. d4 Nf6 2. c4 e6 3. g3 c5 4. d5 exd5 5. cxd5 b5 6. Bg2 d6 7. Nd2 g6 8. a4 b4
9. Nc4 Ba6 10. Qc2 Bg7 11. Bf4 O-O 12. Nh3 Bxc4 13. Qxc4 Nh5 14. Bc1 a5 15. O-O
Nd7 16. e4 Nb6 17. Qc2 c4 18. Be3 Rc8 19. f4 Re8 20. Qf2 Nd7 21. e5 dxe5 22. f5
Nhf6 23. fxg6 hxg6 24. Ng5 Qe7 25. h3 Nc5 26. Bxc5 Qxc5 27. Qxc5 Rxc5 28. Rxf6
Bxf6 29. Ne4 Bd8 30. Nxc5 Bb6 31. Kf1 Bxc5 32. Rc1 Bd4 33. Rxc4 Bxb2 34. Rc5
Bd4 35. Rxa5 b3 36. Rb5 b2 37. Be4 f5 38. Bd3 Rc8 39. d6 e4 40. d7 Rd8 41. Bc4+
Kf8 42. a5 Rxd7 43. a6 Rc7 44. Ba2 Rc1+ 45. Ke2 Rh1 46. Rb8+ Ke7 47. Rb7+ Kd6
0-1

[Event "Reykjavik Open 2008"]
[Site "Reykjavik"]
[Date "2008.03.03"]
[Round "2.25"]
[White "Thorfinnsson, Bragi"]
[Black "Kristjansson, Atli Freyr"]
[Result "1/2-1/2"]
[WhiteElo "2406"]
[BlackElo "2019"]
[PlyCount "171"]
[EventDate "2008.03.03"]

1. d4 d5 2. c4 dxc4 3. Nf3 Nf6 4. Qc2 c5 5. dxc5 Qa5+ 6. Nbd2 Qxc5 7. e3 e6 8.
Bxc4 Nbd7 9. O-O b5 10. Bd3 Qxc2 11. Bxc2 Bb7 12. a4 b4 13. a5 Nc5 14. Nb3 Rc8
15. Bd2 Be4 16. Rfc1 Bxc2 17. Rxc2 Nxb3 18. Rxc8+ Kd7 19. Rxf8 Rxf8 20. Bxb4
Rb8 21. Rd1+ Ke8 22. Bc3 Rb5 23. Ne5 Nd5 24. Nc6 Rc5 25. e4 Rxc6 26. exd5 Rd6
27. Kf1 g6 28. Ke2 Rxd5 29. Rxd5 exd5 30. Kd3 a6 31. Kc2 Nc5 32. b4 Ne6 33. b5
axb5 34. a6 Nc7 35. a7 Kd7 36. Kd3 Kc6 37. Ba5 Na8 38. Kd4 Kb7 39. Kc5 Ka6 40.
Bc3 Kxa7 41. Kxb5 Nc7+ 42. Kc6 Ne6 43. Kxd5 Nf4+ 44. Ke5 Nxg2 45. Kf6 Nh4 46.
Be5 Kb6 47. Kxf7 Kc6 48. Kg7 h5 49. Bg3 Nf3 50. Kxg6 h4 51. Bb8 Kd5 52. Kf5 h3
53. Bg3 Ng1 54. Kf4 Kd4 55. Kg4 Ke4 56. Bb8 Kd5 57. f3 Ke6 58. Ba7 Ne2 59. Kxh3
Kf5 60. Be3 Nc3 61. Kg3 Nd5 62. Bd2 Kg6 63. Kg4 Nf6+ 64. Kf4 Nh5+ 65. Ke5 Ng7
66. h4 Kh5 67. Bg5 Nf5 68. Bd8 Ng3 69. Bb6 Nh1 70. Bd8 Nf2 71. f4 Ng4+ 72. Kf5
Nh6+ 73. Ke4 Kg4 74. Be7 Nf5 75. Bf6 Nh6 76. Ke5 Nf7+ 77. Ke6 Nh6 78. Bg5 Nf5
79. Ke5 Ne3 80. Ke4 Nf5 81. Bf6 Nh6 82. Bd8 Nf5 83. h5 Ng3+ 84. Ke5 Kxh5 85.
Ba5 Kg4 86. Be1 1/2-1/2

[Event "Reykjavik Open 2008"]
[Site "Reykjavik"]
[Date "2008.03.03"]
[Round "2.26"]
[White "Nyzhnyk, Illya"]
[Black "Andersson, Christin"]
[Result "1-0"]
[WhiteElo "2405"]
[BlackElo "2194"]
[PlyCount "115"]
[EventDate "2008.03.03"]

1. e4 e6 2. d4 d5 3. Nc3 Nf6 4. e5 Nfd7 5. f4 c5 6. Nf3 cxd4 7. Nxd4 Nc6 8. Be3
Bc5 9. Qd2 O-O 10. g3 Nxd4 11. Bxd4 b6 12. Bg2 Bb7 13. O-O-O Rc8 14. Ne2 Qe7
15. Kb1 Ba6 16. Bh3 Bxe2 17. Qxe2 Bxd4 18. Rxd4 Qc5 19. Rhd1 Rc6 20. f5 Nxe5
21. c3 Nc4 22. fxe6 Qe7 23. Rxd5 fxe6 24. R5d4 b5 25. Qe4 Ra6 26. Rd7 Qf6 27.
Rf1 Qg6 28. Qxg6 hxg6 29. b3 Ne5 30. Rxf8+ Kxf8 31. Rb7 Nf3 32. Rxb5 Nxh2 33.
Re5 Ke7 34. Re3 g5 35. Re2 Nf3 36. Bg4 Nh4 37. gxh4 gxh4 38. Rh2 g5 39. Re2 Kf6
40. a4 e5 41. Kc2 Rd6 42. b4 Rd8 43. a5 Re8 44. Re4 Rh8 45. Bh3 Rg8 46. Rc4 Re8
47. b5 e4 48. b6 axb6 49. axb6 Rb8 50. Rb4 Ke5 51. Kd2 Kf4 52. Bg2 h3 53. Bxe4
h2 54. b7 g4 55. Ra4 Ke5 56. Bh1 Kd6 57. Ra8 Kc7 58. Rxb8 1-0

[Event "Reykjavik Open 2008"]
[Site "Reykjavik"]
[Date "2008.03.03"]
[Round "2.27"]
[White "Narayanan, Srinath"]
[Black "Jackova, Jana"]
[Result "1-0"]
[WhiteElo "2210"]
[BlackElo "2375"]
[PlyCount "73"]
[EventDate "2008.03.03"]

1. e4 e5 2. Nf3 Nc6 3. Bb5 a6 4. Ba4 Nf6 5. O-O Be7 6. Re1 b5 7. Bb3 O-O 8. c3
d6 9. d3 Na5 10. Bc2 c5 11. Nbd2 Re8 12. Nf1 Nc6 13. h3 h6 14. Ng3 Be6 15. d4
exd4 16. cxd4 cxd4 17. Ne2 d3 18. Bxd3 Ne5 19. Ned4 Bd7 20. Bc2 Bf8 21. b3 g6
22. Qd2 Qb6 23. Bb2 Rad8 24. Rac1 b4 25. Kh1 Bg7 26. Nh2 Qb7 27. f4 Nc6 28.
Ndf3 Nb8 29. f5 Nxe4 30. Bxe4 Rxe4 31. Bxg7 Kxg7 32. Ng1 Rg4 33. hxg4 gxf5 34.
Qd4+ Kg8 35. Qf6 Qb6 36. gxf5 Nc6 37. Rc4 1-0

[Event "Reykjavik Open 2008"]
[Site "Reykjavik"]
[Date "2008.03.03"]
[Round "2.29"]
[White "Bjornsson, Bjorn Freyr"]
[Black "Vasilevich, Tatjana"]
[Result "0-1"]
[WhiteElo "2194"]
[BlackElo "2370"]
[PlyCount "58"]
[EventDate "2008.03.03"]

1. e4 c5 2. Nf3 e6 3. c3 d5 4. exd5 exd5 5. d4 a6 6. Bd3 Nc6 7. O-O cxd4 8.
Re1+ Be7 9. cxd4 Bg4 10. Bg5 Bxf3 11. Qxf3 Nxd4 12. Qg4 Ne6 13. Bxe7 Nxe7 14.
Nc3 h5 15. Qf3 Qd6 16. Rad1 Rh6 17. Bc4 Qf4 18. Qxf4 Nxf4 19. Bxd5 Rb6 20. g3
Ne6 21. Bb3 Rd8 22. Ne4 Nd4 23. Bc4 Kf8 24. Nc5 Rxb2 25. Kg2 b5 26. Bb3 Nec6
27. Nxa6 g6 28. Nc7 Rc8 29. Nxb5 Ne6 0-1

[Event "Reykjavik Open 2008"]
[Site "Reykjavik"]
[Date "2008.03.03"]
[Round "2.32"]
[White "Sigurjonsson, Stefan Th"]
[Black "Zozulia, Anna"]
[Result "0-1"]
[WhiteElo "2136"]
[BlackElo "2344"]
[PlyCount "82"]
[EventDate "2008.03.03"]

1. e4 c5 2. d4 cxd4 3. c3 dxc3 4. Nxc3 Nc6 5. Nf3 a6 6. Bc4 e6 7. O-O b5 8. Bb3
Bb7 9. Bf4 Nge7 10. Rc1 Ng6 11. Bg3 Be7 12. Re1 O-O 13. e5 Rc8 14. Bc2 Nb4 15.
Bb1 Nd5 16. Ne4 Rxc1 17. Qxc1 Qb6 18. h4 Rc8 19. Qd1 h6 20. Nd6 Bxd6 21. exd6
Nf8 22. Ne5 f6 23. Qg4 Qa5 24. Rd1 Qb4 25. Qxb4 Nxb4 26. Ng4 h5 27. Ne3 Kf7 28.
a3 Nd5 29. Be4 Nxe3 30. Bxb7 Rb8 31. fxe3 Rxb7 32. Rc1 e5 33. Be1 Rb6 34. Bb4
Rc6 35. Bc5 Ne6 36. b4 Nd8 37. Rd1 Nb7 38. Ba7 Nxd6 39. Bc5 Ke6 40. Bxd6 Rxd6
41. Rxd6+ Kxd6 0-1

[Event "Reykjavik Open 2008"]
[Site "Reykjavik"]
[Date "2008.03.03"]
[Round "2.33"]
[White "Nemcova, Katerina"]
[Black "Thorsteinsson, Erlingur"]
[Result "1-0"]
[WhiteElo "2342"]
[BlackElo "2132"]
[PlyCount "75"]
[EventDate "2008.03.03"]

1. e4 c5 2. Nf3 Nf6 3. e5 Nd5 4. Nc3 e6 5. Nxd5 exd5 6. d4 Nc6 7. dxc5 Bxc5 8.
Qxd5 Qb6 9. Bc4 Bxf2+ 10. Ke2 O-O 11. c3 d6 12. Rf1 Be6 13. Qd3 Bxc4 14. Qxc4
d5 15. Qd3 Bc5 16. b4 Be7 17. Be3 Qc7 18. Qxd5 Rad8 19. Qe4 f5 20. Qc4+ Kh8 21.
Rad1 Qb8 22. Rxd8 Bxd8 23. Bc5 Re8 24. Qf7 Bf6 25. Bd6 Qc8 26. Re1 Be7 27. Kf1
a6 28. a4 b5 29. axb5 axb5 30. c4 Rf8 31. Qd5 Nxb4 32. Qxb5 Nc6 33. c5 Re8 34.
Ra1 h6 35. Ra6 Nb8 36. Ra8 Bxd6 37. exd6 Rd8 38. Rxb8 1-0